000 013500000a22003130004500
003 EG-GICUC
005 20250223025040.0
008 071108s2001 ua f m 000 0 eng d
040 _aEG-GICUC
_beng
_cEG-GICUC
041 0 _aEng
049 _aDeposite
097 _aPh.D
099 _aCai01.11.33.Ph.D.2001.Am.D
100 0 _aAmr Mohammad AbulFotouh
245 1 0 _aDoppler and endosonographic study of the portal haemodynamics defore and after propranolol therapy /
_cAmr Mohammad AbulFotouh ; Supervised AbulDahab Mahmoud Elsahiy , Zakaria AbdEllatif Salama
246 1 5 _aفحص الدورة الدموية البابية بمنظار الموجات فوق الصوتية والموجات فوق الصوتية (دوبلر) قبل وبعد العلاج بعقار البروبرانولول
260 _aCairo :
_bAmr Mohammad AbulFotouh ,
_c2001
300 _a334P. ;
_c25cm
502 _aThesis (Ph.D.) - Cairo University - Faculty Of Medicine - Department Of Tropical Medicine
653 4 _aEndoscopic ultrasonography
653 4 _aOesophageal varices
653 4 _aPortal hypertension
700 0 _aAbulDahab Mahmoud Elsahiy ,
_eSupervisor
700 0 _aZakaria AbdEllatif Salama ,
_eSupervisor
856 _uhttp://172.23.153.220/th.pdf
905 _aMustafa
_eRevisor
905 _aSamia
_eCataloger
942 _2ddc
_cTH
999 _c4510
_d4510